000 00945nas a2200301 4500
001 BR7305821
003 BR-BrBNA
005 20231205082543.0
007 ta
008 230509b bl.|||p| |||| 00| 00por d
040 _aBR-BrBNA
_bpor
_cBiblioteca Nacional de Agricultura
041 _a(Pt)
072 _aH10; L20
100 1 _aAmante, E.
100 1 _aBerjato, M.A.
100 1 _aGessinger, G.I.
100 1 _aDidone, I.A.
100 1 _aRodrigues, I.C.
245 1 _aBioecologia do Serrador da Acacia Negra Oncideres Impluviata (Germar, 1824)(Coleoptera: Cerambycidae)no Rio Grande do Sul, 1. Etiologia [inseto]
650 _aPRAGA DE PLANTA
650 _aECOLOGIA ANIMAL
650 _aBIOLOGIA ANIMAL
650 _aACACIA NEGRA
650 _aSERRADOR
773 0 _tAgronomia Sulriograndense (Brazil)
_xISSN 0400-8111
_g(1976), v. 12(1) p. 3-54
_wBR7305821
909 _a202311
_bLúcia
_c55
_dLúcia Elande
942 _2AGRIS
_n0
_cANA
999 _c92749
_d92749